000
00195 a2200097 4500
001
43626
100
_a
Vallins
245
_a
Better English
260
_a
London
_b
Panks
_c
090
_c
27441
_d
27441
942
_a
NUST-CAE
_c
M
_c
19382
999
_c
278699
_d
278699